Effect of continuous cultivation of rubber (Hevea brasiliensis) in total and available nitrogen status of soil (Record no. 52577)

MARC details
000 -LEADER
fixed length control field 00554nam a2200157Ia 4500
100 ## - MAIN ENTRY--AUTHOR NAME
Personal name Karthikakuttyamma M.
245 #0 - TITLE STATEMENT
Title Effect of continuous cultivation of rubber (Hevea brasiliensis) in total and available nitrogen status of soil
260 ## - PUBLICATION, DISTRIBUTION, ETC. (IMPRINT)
Name of publisher Proceedings of the Eighth Kerala Science Congress, January 1996, Kochi, India, pp. 80-82.
Year of publication 1996
650 ## - SUBJECT ADDED ENTRY--TOPICAL TERM
Topical Term Available nitrogen
650 ## - SUBJECT ADDED ENTRY--TOPICAL TERM
Topical Term Rubber cultivation
700 ## - ADDED ENTRY--PERSONAL NAME
Personal name Aiyer R.S.
700 ## - ADDED ENTRY--PERSONAL NAME
Personal name George V.
700 ## - ADDED ENTRY--PERSONAL NAME
Personal name Suresh P.R.
942 ## - ADDED ENTRY ELEMENTS (KOHA)
Koha item type Bibliography STAF
Holdings
Withdrawn status Lost status Damaged status Not for loan Home library Current library Date acquired Koha item type
      Bibliography RRII Library RRII Library 09/04/2014 Bibliography STAF